| 000 | 00511nam a22001697a 4500 | ||
|---|---|---|---|
| 005 | 20230117115831.0 | ||
| 008 | 220307b ||||| |||| 00| 0 eng d | ||
| 020 | _a9781316677056 | ||
| 041 | _aeng | ||
| 082 |
_a572 _bHOF-P |
||
| 100 |
_aHOFMANN, ANDREAS AND CLOKIE, SAMUEL _97273 |
||
| 245 | _aWILSON AND WALKERS PRINCIPLES AND TECHNIQUES OF BIOCHEMISTRY AND MOLECULAR BIOLOGY | ||
| 260 |
_aNEW DELHI _bCAMBRIDGE UNIVERSITY PRESS _c2018 |
||
| 300 | _a929;p | ||
| 650 |
_aPHARMACY _xB.PHARMA _97083 |
||
| 942 | _cBK | ||
| 999 |
_c7998 _d7996 |
||